000
00300nam a2200121Ia 4500
008
190216s9999||||xx |||||||||||||| ||und||
100
_a
Bhargava B K
245
0
_a
Indian Economics Full View At A Glance
260
_b
Sudha Pubs Pvt Ltd
_c
1992
300
_a
562 pag
650
_a
Economics
942
_c
BK
999
_c
9870
_d
9870